| 000 | 00342nam a2200133Ia 4500 | ||
|---|---|---|---|
| 005 | 20260328104246.0 | ||
| 008 | 260328s9999||||xx |||||||||||||| ||und|| | ||
| 100 | _aKellner, Jessica | ||
| 245 | 0 |
_aHousing reclaimed / _cJessica Kellner |
|
| 260 | _bNew Society Publishers | ||
| 300 | _a193 p. | ||
| 650 | _aARQUITECTURA Y CLIMA | ||
| 942 | _cBK | ||
| 999 |
_c10072 _d10072 |
||